Normal view
MARC view
- TE-48
Entry Geographic Name
001 - CONTROL NUMBER
- control field: 131588
003 - CONTROL NUMBER IDENTIFIER
- control field: NUST
005 - DATE AND TIME OF LATEST TRANSACTION
- control field: 20251027165615.0
008 - FIXED-LENGTH DATA ELEMENTS
- fixed length control field: 251027|| aca||aabn | a|a d
040 ## - CATALOGING SOURCE
- Original cataloging agency: NUST
- Transcribing agency: NUST
151 ## - HEADING--GEOGRAPHIC NAME
- Geographic name: TE-48
670 ## - SOURCE DATA FOUND
- Source citation: Work cat.: (NUST)217223: Fakhar, Umair. (TE-48) 131587, Automatic Number Plate Recognition and RFID Based Access Control System /, 2015
